| 000 | 01192nmc a2200397 a 4500 | ||
|---|---|---|---|
| 003 | AR-BaBNM | ||
| 005 | 20251128211144.0 | ||
| 008 | 043020s2001 ||||||||||||||000 | spa|| | ||
| 020 | _a987-545-001-4 | ||
| 040 | _cAR-BaBNM | ||
| 100 | 1 | _aVerón, Eliseo | |
| 245 | 1 | 0 | _aEl cuerpo de las imágenes |
| 260 |
_aBuenos Aires _bGrupo Editorial Norma _c2001 |
||
| 300 | 0 |
_a118 p. _bgráfs. |
|
| 490 | 0 |
_aEnciclopedia Latinoamericana de Sociocultura y Comunicación _vv. 9 |
|
| 504 | _aContiene referencias bibliográficas en p.115. | ||
| 650 | 4 | _aSOCIOLINGUISTICA | |
| 650 | 4 | _aSOCIOLOGIA CULTURAL | |
| 650 | 4 | _aMEDIOS DE COMUNICACION DE MASAS | |
| 650 | 4 | _aRELACIONES INTERPERSONALES | |
| 650 | 4 | _aMEDIOS AUDIOVISUALES | |
| 650 | 4 | _aDEMOCRACIA REPRESENTATIVA | |
| 650 | 4 | _aDEMOCRACIA | |
| 650 | 4 | _aETNOLINGUISTICA | |
| 650 | 4 | _aCOMUNIDAD LINGUISTICA | |
| 650 | 4 | _aCOMUNICACION VERBAL | |
| 650 | 4 | _aANALISIS LINGUISTICO | |
| 650 | 4 | _aIDENTIFICACION COMUNITARIA | |
| 650 | 4 | _aANALISIS SEMANTICO | |
| 650 | 4 | _aTELEVISION | |
| 650 | 4 | _aPOLITICA DE LA COMUNICACION | |
| 653 | _aANALISIS DEL DISCURSO | ||
| 800 | 1 | _aFord, Aníbal | |
| 942 | _cBK | ||
| 998 | _cEugenia | ||
| 999 |
_c18491 _d18491 |
||